Cakar harimau : tips kebahagiaan rumahtangga

Bibliographic Details
Main Author: Siti Nor Bahyah Mahamood
Other Authors: Mohammad Nidzam Abd Kadir, Zahazan Mohamed
Format: Book
Published: Kuala Lumpur : Telaga Biru , 2005
Subjects:

MARC

LEADER 00000cam a2200000 7i4500
001 0000013953
005 20080915.0
008 080213
020 |a 9833494048 
090 0 0 |a 297.577   |b SIT 
100 1 |a Siti Nor Bahyah Mahamood 
245 1 0 |a Cakar harimau :   |b tips kebahagiaan rumahtangga   |c Siti Nor Bahyah Mahamood, Zahazan Mohamed, Mohammad Nidzam Abd Kadir 
260 |a Kuala Lumpur :   |b Telaga Biru ,   |c 2005 
650 0 |a Communication in marriage 
650 0 |a Husband and wife 
650 0 |a Love   |x Religious aspects   |x Islam 
650 0 |a Marriage   |x Religious aspects   |x Islam 
650 0 |a Sex in marriage   |x Religious aspects Islam 
700 1 |a Mohammad Nidzam Abd Kadir 
700 1 |a Zahazan Mohamed 
999 |a 0001007042   |b Book   |c Adult Collection   |e Perbadanan Perpustakaan Awam Johor 
999 |a 0001134320   |b Book   |c Adult Collection   |e Cawangan Taman Sri Lambak 
999 |a 0001134402   |b Book   |c Adult Collection   |e Cawangan Bandar Tenggara